| 000 | 00828nam a22002297a 4500 | ||
|---|---|---|---|
| 999 |
_c13777 _d13777 |
||
| 003 | AR-CdUCM | ||
| 008 | 190329b ||||| |||| 00| 0 spa d | ||
| 020 | _a978-84-316-6804-4 | ||
| 040 |
_aMUNICIPALIDAD PROVINCIAL DEL CUSCO _cBIBLIOTECA MUNICIPAL DEL CUSCO |
||
| 082 |
_aES / 803 / _bD44 |
||
| 100 |
_aDefoe, Daniel. _912599 |
||
| 245 | _aRobinson Crusoe / | ||
| 260 |
_aEspaña : _bVicens Vives, ; _c2002. |
||
| 300 |
_a137 páginas ; _bIlustraciones _c22 cm |
||
| 440 |
_aCucaña _n20 _932333 |
||
| 500 | _aColección dirigida por Francisco Antón. | ||
| 505 | _aContenido: La fuga de casa -- Cautivo de un corsario -- Hacendado en Brasil -- La isla deshabitada -- La "residencia" de Robinson Cruse ... | ||
| 650 |
_aHistorietas _910786 |
||
| 650 |
_aCuentos _9217 |
||
| 942 |
_2ddc _cLIBROS |
||
| 945 |
_arum _d2019-04-16 |
||